Wybrani zagraniczni trenerzy w Ekstraklasie w XXI w. - Statystyki

Ogólne statystyki
  • Ten quiz został rozwiązany 25 razy
  • Średni wynik to 9 z 16
Statystyki odpowiedzi
Obrazkowy Hint Odpowiedź % Poprawnych
Portugalia Gonçalo Feio
100%
Niemcy Kosta Runjaić
91%
Norwegia Henning Berg
87%
Serbia / Polska Aleksandar Vuković
78%
Dania Niels Frederiksen
65%
Serbia Ivan Đurđević
61%
Chorwacja Nenad Bjelica
61%
Chorwacja Romeo Jozak
57%
Szwecja Jens Gustafsson
52%
Hiszpania José Mari Bakero
52%
Holandia John van den Brom
48%
Holandia Robert Maaskant
48%
Czechy Radoslav Látal
30%
Serbia Dragomir Okuka
26%
Słowacja Dušan Radolský
17%
Czechy Verner Lička
17%
Nie znaleziono quizów pasujących do podanych kryteriów
Rozkład punktacji
Procent ludzi z każdym wynikiem
Percentyl według liczby udzielonych odpowiedzi
Twoja historia wyników
Nie rozwiązałeś tego quizu